Le controle de l'administration et la protection des citoyens :étude comparative

Guardat en:
Dades bibliogràfiques
Autors principals: Braibant, Guy (Autor), Questiaux, Nicole (Autor), Wiener, Céline (Autor)
Format: Llibre
Idioma:francès
Publicat: París Cujas 1973
Col·lecció:Bibliotheque de l'Institut International d'Administration Publique, 3
Matèries:
Etiquetes: Afegir etiqueta
Sense etiquetes, Sigues el primer a etiquetar aquest registre!

MARC

LEADER 00000nam a2200000 a 4500
001 UCV3509
003 CL-VaPUC
008 930819e19730000FR |||||||||||||||||fre|d
082 0 4 |a 342  |b BRA  |2 21 
100 0 |a Braibant, Guy  |e author  |9 297749 
700 0 |a Questiaux, Nicole  |e author  |9 297750 
700 0 |a Wiener, Céline  |e author  |9 297751 
245 1 3 |a Le controle de l'administration et la protection des citoyens :étude comparative 
300 |a 325 p 
942 |c BK 
945 |d 19930819 00:00:00 
260 |a París  |b Cujas  |c 1973 
650 0 |a Derecho administrativo  |9 254851 
651 0 |a Francia  |9 255157 
583 |a last modification  |c 19930819 00:00:00  |k Rodrigo Vera 
490 0 |a Bibliotheque de l'Institut International d'Administration Publique, 3 
999 |c 210686  |d 210684 
952 |0 0  |1 0  |4 0  |6 342_000000000000000_BRA_1973  |7 0  |8 A  |9 187109  |a BIBDER  |b BIBDER  |d 2019-11-14  |i 2548127  |o 342 BRA 1973  |p 2548127  |r 2019-11-14  |w 2019-11-14  |y BK  |k DER